000 00705nam a2200205Ia 4500
008 0000001988 usa 0000000000eng00
090 _aPUS00 F72d
100 1 _aFreed, Douglass
_d1944
245 1 0 _aDouglass Freed
_b: the mayan series
300 _a[18] p.
_c/ 28 cm.
500 _aCon el patronazgo del maestro venezolano Jesús Rafael Soto (q.e.p.d.)
600 0 0 _aFREED, DOUGLAS, 1944/
_xTRABAJOS PICTORICOS
650 1 4 _aARTE CONTEMPORANEO ESTADOUNIDENSE
650 1 4 _xCATALOGOS
650 1 4 _xEXPOSICIONES
650 1 4 _aPINTORES ESTADOUNIDENSES
650 1 4 _aPINTURA ABSTRACTA ESTADOUNIDENSE
650 1 4 _aPINTURA ESTADOUNIDENSE
999 _c6074
_d6074
260 _aNew York : Vorpal Gallery
_c1988